Concise English dictionary (Record no. 11943)

MARC details
000 -LEADER
fixed length control field 00299nam a2200121Ia 4500
082 ## - DEWEY DECIMAL CLASSIFICATION NUMBER
Classification number RR 423 CON;
245 #0 - TITLE STATEMENT
Title Concise English dictionary
260 ## - PUBLICATION, DISTRIBUTION, ETC. (IMPRINT)
Place of publication s.l.
Name of publisher New Burlington Books
Year of publication 1980
300 ## - PHYSICAL DESCRIPTION
Number of Pages xii, 851p.
504 ## - BIBLIOGRAPHY, ETC. NOTE
Bibliography, etc Ref.book
650 ## - SUBJECT ADDED ENTRY--TOPICAL TERM
Topical Term English language - Dictionaries
942 ## - ADDED ENTRY ELEMENTS (KOHA)
Koha item type Books
Source of classification or shelving scheme Dewey Decimal Classification
Holdings
Withdrawn status Lost status Damaged status Not for loan Home library Current library Date acquired Bill Date Full call number Accession Number Price effective from Koha item type
        NASSDOC Library NASSDOC Library 08/06/2004 2004-10-22 RR 423 CON; 17053 18/04/2019 Books